Central Library OPAC University of Rajshahi

A literary history of the Arabs / (Record no. 63935)

MARC details
000 -LEADER
fixed length control field 00702nam a2200229 a 4500
001 - CONTROL NUMBER
control field 63935
003 - CONTROL NUMBER IDENTIFIER
rucl marc code BD-RjUL
005 - DATE AND TIME OF LATEST TRANSACTION
control field 20211209081244.0
008 - FIXED-LENGTH DATA ELEMENTS--GENERAL INFORMATION
fixed length control field 050217r19411907enk b 001 0 eng
035 ## - SYSTEM CONTROL NUMBER
System control number (BD-RjUL)64065
040 ## - CATALOGING SOURCE
Original cataloging agency DLC
Transcribing agency DLC
Modifying agency BD-RjUL
Language of cataloging eng
041 ## - LANGUAGE CODE
Language code of text/sound track or separate title eng
082 00 - DEWEY DECIMAL CLASSIFICATION NUMBER
Classification number 892.709
Edition number 23
Author mark and year NIL 1941
100 1# - MAIN ENTRY--PERSONAL NAME
Personal name Nicholson, Reynold Alleyne,
Dates associated with a name 1868-1945.
9 (RLIN) 189848
245 12 - TITLE STATEMENT
Title A literary history of the Arabs /
Statement of responsibility, etc. by Reynold A. Nicholson.
260 ## - PUBLICATION, DISTRIBUTION, ETC. (IMPRINT)
Place of publication, distribution, etc. London :
Name of publisher, distributor, etc. Cambridge U.P.,
Date of publication, distribution, etc. 1941.
300 ## - PHYSICAL DESCRIPTION
Pagination xxxi, 506 p. ;
Size 22 cm.
504 ## - BIBLIOGRAPHY, ETC. NOTE
Bibliography, etc Includes index and bibliography
650 #0 - SUBJECT ADDED ENTRY--TOPICAL TERM
Topical term or geographic name as entry element Arabic literature
General subdivision History and criticism.
9 (RLIN) 189849
942 ## - ADDED ENTRY ELEMENTS (KOHA)
Source of classification or shelving scheme Dewey Decimal Classification
Koha item type Books
Holdings
Lost status Source of classification or shelving scheme Damaged status Not for loan Collection code Permanent Location Current Location Shelving location Date acquired Source of acquisition Cost, normal purchase price Total Checkouts Full call number Date last seen Copy number Koha item type Date checked out
  Dewey Decimal Classification   Not For Loan Non-fiction Central Library, University of Rajshahi Central Library, University of Rajshahi Reading Room 11/09/1990 Shawkat osman 0.00   892.709 NIL 1941 05/02/2017 C-1 Books  
  Dewey Decimal Classification     Non-fiction Central Library, University of Rajshahi Central Library, University of Rajshahi   11/09/1990 Shawkat Osman 185.00 4 892.709 NIL 1941 13/05/2026 C-2 Books 30/03/2026